| Tag |
First Indicator |
Second Indicator |
Subfields |
| LEADER |
00000cam a2200000 a 4500 |
| 001 |
in00000084145 |
| 005 |
20151008055702.0 |
| 008 |
801110s1980 nyua j 00010 engm |
| 010 |
|
|
|a 79091870
|
| 020 |
|
|
|a 015522588X
|
| 035 |
|
|
|a (OCoLC)07008387
|
| 035 |
|
|
|9 AAJ4114AM
|
| 040 |
|
|
|a DLC
|c DLC
|d m.c.
|d TXA
|d UtOrBLW
|
| 049 |
|
|
|a [Curr Col] TXAM
|c [933170]
|
| 050 |
0 |
0 |
|a PE1121
|b .P53 1980
|
| 082 |
0 |
|
|a 428.6
|2 19
|
| 100 |
1 |
|
|a Pimsleur, Paul.
|
| 245 |
1 |
0 |
|a Encounters :
|b a basic reader /
|c Paul Pimsleur, Donald Berger, Beverly Pimsleur ; [drawings by Ed Malsberg ; cover photographs by Ken Karp].
|
| 250 |
|
|
|a 2nd ed.
|
| 264 |
|
1 |
|a New York :
|b Harcourt Brace Jovanovich,
|c [1980]
|
| 264 |
|
4 |
|c ©1980
|
| 300 |
|
|
|a xv, 206 pages :
|b illustrations ;
|c 24 cm.
|
| 336 |
|
|
|a text
|b txt
|2 rdacontent
|
| 337 |
|
|
|a unmediated
|b n
|2 rdamedia
|
| 338 |
|
|
|a volume
|b nc
|2 rdacarrier
|
| 520 |
|
|
|a Articles from magazines and newspapers adapted and simplified for students desiring to improve their reading. There are exercises and activities after each article.
|
| 650 |
|
0 |
|a Readers.
|
| 650 |
|
1 |
|a Readers.
|
| 700 |
1 |
|
|a Berger, Donald.
|
| 700 |
1 |
|
|a Pimsleur, Beverly.
|
| 999 |
|
|
|a MARS
|
| 999 |
f |
f |
|s dcae905d-9b62-38c9-8950-4b3286446992
|i 50e801e5-4c8f-3040-96af-981d486a6479
|t 0
|
| 952 |
f |
f |
|p ric
|a Texas A&M University
|b Rellis Campus
|c Joint Library Facility
|s JLF
|d Remote Storage
|t 0
|e PE1121 .P53 1980
|h Library of Congress classification
|i unmediated -- volume
|m A14806054729
|
| 998 |
f |
f |
|a PE1121 .P53 1980
|t 0
|l Remote Storage
|